01539cam a22002534a 45000010009000000050017000090080041000260100017000670200028000840400018001120420008001300500018001380820018001562450083001742500012002572600043002693000063003125000020003755050657003956500027010527000023010798560091011028560092011931373503320210414113958.0040929s2006 nyua 001 0 eng  a 2004042316 a0072991054 (alk. paper) aDLCcDLCdDLC apcc00aHF5657.4.E35 00a658.15/1122200aFundamental managerial accounting concepts. /cThomas P. Edmonds ... [et al.]. a3rd ed. aNew York :bMcGraw-Hill/Irwin,cc2006. axxxii, 654 p. :bcol. ill. ;c29 cm.e1 CD-ROM (4 3/4 in.) aIncludes index. aContents: Management accounting: a value- added discipline -- Cost behavior, operating leverage and profitability anaylsis -- Analysis of cost, volume and pricing to increase profitability -- Relevant information for special decisions -- Cost accumulation, tracing and allocation -- Cost management in an automatted business environment: ABC, ABM and TQM -- planning for profit and cost control -- Performance evaluation -- Responsibiltiy accounting -- Planning for capital investments -- Product costing in service and manufaturing entities -- Job- order, process and hybrid cost systems -- Finanical statements analysis -- Statement of cash flows.  0aManagerial accounting.1 aEdmonds, Thomas P.423Publisher descriptionuhttp://www.loc.gov/catdir/enhancements/fy0617/2004042316-d.html413Table of contents onlyuhttp://www.loc.gov/catdir/enhancements/fy0617/2004042316-t.html